When I say no, I feel guilty : how to cope--using the skills of systematic assertive therapy /

Bibliographic Details
Main Author: Smith, Manuel J., 1934-
Format: Book
Language:English
Published: New York : Bantam Books, [1989]
Edition:Bantam ed.
Subjects:

MARC

Tag First Indicator Second Indicator Subfields
LEADER 00000cam a2200000 a 4500
001 in00001288421
005 20151004093421.0
008 891222t19891975nyu b 000 0 eng d
020 |a 0553263900 
035 |a (OCoLC)20815425 
035 |9 AGZ8252AM 
040 |a IQU  |c IQU  |d VET  |d WEN  |d TXA  |d UtOrBLW 
049 |a TXAM 
090 |a BF575.A85  |b S63 1989 
092 |a 158.1  |b S65 
096 |a WM 425 S655 1989 
100 1 |a Smith, Manuel J.,  |d 1934- 
245 1 0 |a When I say no, I feel guilty :  |b how to cope--using the skills of systematic assertive therapy /  |c Manuel J. Smith. 
250 |a Bantam ed. 
264 1 |a New York :  |b Bantam Books,  |c [1989] 
264 4 |c ©1975 
300 |a xxii, 324 pages ;  |c 18 cm. 
336 |a text  |b txt  |2 rdacontent 
337 |a unmediated  |b n  |2 rdamedia 
338 |a volume  |b nc  |2 rdacarrier 
500 |a "A Bantam book." 
504 |a Includes bibliographical references. 
650 0 |a Assertiveness training. 
650 2 |a Assertiveness  |x popular works. 
650 2 |a Behavior Therapy  |x popular works. 
650 2 |a Interpersonal Relations  |x popular works. 
650 2 |a Verbal Behavior  |x popular works. 
740 0 |a Systematic assertive therapy. 
999 |a MARS 
999 f f |s 51c2477b-9d01-347a-81d6-e4616e7fc42a  |i e43e2ebc-2f6a-3a0a-b080-2f148cbc9a34  |t 0 
952 f f |p ric  |a Texas A&M University  |b Rellis Campus  |c Joint Library Facility  |d Remote Storage  |t 0  |e BF575.A85 S63 1989  |h Library of Congress classification  |i unmediated -- volume  |m A14820135945 
998 f f |a BF575.A85 S63 1989  |t 0  |l Remote Storage